Služby poskytované geodetom pri vyhotovení geometrického plánu

Guardado en:
Detalles Bibliográficos
Autor principal: Perašín, Patrik (Autor)
Otros Autores: Hudecová, Ľubica (Orientador)
Formato: Manuscrito Libro
Lenguaje:eslovaco
Publicado: 2017
Materias:
Acceso en línea:http://is.stuba.sk/zp/portal_zp.pl?podrobnosti=131445
https://opac.crzp.sk/?fn=detailBiblioForm&sid=E7FF18FD4FFD5019DDFBEC3CC38C
Etiquetas: Agregar Etiqueta
Sin Etiquetas, Sea el primero en etiquetar este registro!

MARC

LEADER 00000ntm a22000003a 4500
001 stuzp63999
003 SK-STU
005 20230608150437.6
007 ta
008 150427s2015----xo-----f-mn---000-0-slo-d
040 |a STU  |b slo 
041 0 |a slo 
100 1 |a Perašín, Patrik  |u 010140  |4 aut  |U SvF Stavebná fakulta  |T SvF Katedra geodézie  |X 75911  |U V140  |Y 14  |7 75911 
242 0 1 |a Services provided by the geodesist when making geometric plans  |y eng 
245 1 0 |a Služby poskytované geodetom pri vyhotovení geometrického plánu 
260 |c 2017 
650 4 |a služby pre geodetov  |2 slo 
650 4 |a Rezortná transformačná služba  |2 slo 
650 4 |a XML  |2 slo 
650 4 |a Geometrický plán  |2 slo 
650 4 |a Transformation service  |2 eng 
650 4 |a services for geodesist  |2 eng 
650 4 |a Geometric plan  |2 eng 
650 4 |a XML  |2 eng 
700 1 |a Hudecová, Ľubica  |u 010140  |k Z1  |4 ths  |U SvF Stavebná fakulta  |T SvF Katedra geodézie  |X 1662  |U V140  |Y 14  |7 A000001662 
856 4 |u http://is.stuba.sk/zp/portal_zp.pl?podrobnosti=131445 
856 4 |u https://opac.crzp.sk/?fn=detailBiblioForm&sid=E7FF18FD4FFD5019DDFBEC3CC38C